HISTORY OF MALAYA (1400-1959) / (Record no. 4202)
[ view plain ]
| 000 -LEADER | |
|---|---|
| fixed length control field | nam a22 a 4500 |
| 003 - CONTROL NUMBER IDENTIFIER | |
| control field | AKMAL |
| 005 - DATE AND TIME OF LATEST TRANSACTION | |
| control field | 20170525150911.0 |
| 008 - FIXED-LENGTH DATA ELEMENTS--GENERAL INFORMATION | |
| fixed length control field | 170525t19641961my ab e i 000 0 eng d |
| 040 ## - CATALOGING SOURCE | |
| Original cataloging agency | AKMAL |
| 082 04 - DEWEY DECIMAL CLASSIFICATION NUMBER | |
| Classification number | 959.504 JES |
| Edition number | 23 |
| 090 00 - LOCALLY ASSIGNED LC-TYPE CALL NUMBER (OCLC); LOCAL CALL NUMBER (RLIN) | |
| Classification number (OCLC) (R) ; Classification number, CALL (RLIN) (NR) | 959.504 |
| Local cutter number (OCLC) ; Book number/undivided call number, CALL (RLIN) | JES |
| 100 1# - MAIN ENTRY--PERSONAL NAME | |
| Personal name | Jessy, Joginder Singh, |
| Relator term | author. |
| 9 (RLIN) | 8236 |
| 245 10 - TITLE STATEMENT | |
| Title | HISTORY OF MALAYA (1400-1959) / |
| Statement of responsibility, etc. | JOGINDER SINGH JESSY, Edited by W. WILLIAMS |
| 264 #1 - PRODUCTION, PUBLICATION, DISTRIBUTION, MANUFACTURE, AND COPYRIGHT NOTICE | |
| Place of production, publication, distribution, manufacture | PENANG: |
| Name of producer, publisher, distributor, manufacturer | PENINSULAR PUBLICATIONS and UNITED BOOK COMPANY, |
| Date of production, publication, distribution, manufacture, or copyright notice | 1964 |
| 264 #4 - PRODUCTION, PUBLICATION, DISTRIBUTION, MANUFACTURE, AND COPYRIGHT NOTICE | |
| Date of production, publication, distribution, manufacture, or copyright notice | © 1961 |
| 300 ## - PHYSICAL DESCRIPTION | |
| Extent | xix, 346 pages : |
| Other physical details | illustrations, maps, ; |
| Dimensions | 19 cm |
| 500 ## - GENERAL NOTE | |
| General note | Includes index |
| 651 #0 - SUBJECT ADDED ENTRY--GEOGRAPHIC NAME | |
| Geographic name | Malaya |
| General subdivision | History |
| Chronological subdivision | 1400-1959 |
| 9 (RLIN) | 8237 |
| 700 1# - ADDED ENTRY--PERSONAL NAME | |
| Personal name | Williams, W., |
| Relator term | editor |
| 9 (RLIN) | 8238 |
| 942 ## - ADDED ENTRY ELEMENTS (KOHA) | |
| Source of classification or shelving scheme | |
| Koha item type | Book |
| Withdrawn status | Lost status | Source of classification or shelving scheme | Damaged status | Not for loan | Collection code | Home library | Current library | Shelving location | Date acquired | Inventory number | Total Checkouts | Full call number | Barcode | Date last seen | Price effective from | Koha item type |
|---|---|---|---|---|---|---|---|---|---|---|---|---|---|---|---|---|
| NON-FICTION | AKMAL Melaka | AKMAL Melaka | PINJAMAN | 25.05.2017 | 900026 | 959.504 JES | 201705515 | 25.05.2017 | 25.05.2017 | Book |
